Hidalgo : (Record no. 27543)

MARC details
000 -CABECERA
campo de control de longitud fija 00777nam a2200205 a 4500
005 - FECHA Y HORA DE LA ÚLTIMA TRANSACCIÓN
campo de control 20220902123700.0
008 - ELEMENTOS DE LONGITUD FIJA--INFORMACIÓN GENERAL
campo de control de longitud fija 991125s1985 mx 000 0 spa u
020 ## - NÚMERO INTERNACIONAL NORMALIZADO PARA LIBROS
Número Internacional Estándar del Libro 9688052116
035 ## - NÚMERO DE CONTROL DEL SISTEMA
Número de control de sistema UPN01000027543
049 ## - COLECCIÓN
Colección CG
050 #4 - SIGNATURA TOPOGRÁFICA DE LA BIBLIOTECA DEL CONGRESO
Número de clasificación F1232 H5
Número de documento/Ítem C3.4
100 1# - ASIENTO PRINCIPAL--NOMBRE PERSONAL
Nombre de persona Castillo Ledón, Luis,
Fechas asociadas al nombre 1880-1944
9 (RLIN) 38096
245 10 - MENCIÓN DE TÍTULO
Título Hidalgo :
Resto del título la vida del héroe /
Mención de responsabilidad, etc. Luis Castillo Ledón.
260 ## - PUBLICACIÓN, DISTRIBUCIÓN, ETC.
Lugar de publicación, distribución, etc. México :
Nombre del editor, distribuidor, etc. INEHRM,
Fecha de publicación, distribución, etc. 1985.
300 ## - DESCRIPCIÓN FÍSICA
Extensión 2 v. :
Otras características físicas il.
500 ## - NOTA GENERAL
Nota general "Edición facsimilar, 1era ed. en 1948 por los Talleres Gráficos de la Nación"
500 ## - NOTA GENERAL
Nota general "Comisión Nacional para las Celebraciones del 175 Aniversario de la Independencia Nacional y 75 Aniversario de la Revolución Mexicana"
600 12 - ASIENTO SECUNDARIO DE MATERIA - NOMBRE PERSONAL
Nombre de persona Hidalgo y Costilla, Miguel,
Fechas asociadas al nombre 1753-1811
9 (RLIN) 16388
905 ## - TIPO DE MATERIAL
Tipo de material Libro
Holdings
Estado de retiro Estado de pérdida Fuente del sistema de clasificación o colocación Estado dañado No para préstamo Código de colección Localización permanente Ubicación/localización actual Ubicación en estantería Enumeración/cronología de publicación seriada Total de préstamos Clasificación Código de barras Fecha visto por última vez Número de copia Tipo de ítem Koha
    Library of Congress Classification     Colección General Bib. Gregorio Torres Quintero Bib. Gregorio Torres Quintero Planta baja v.1   F1232 H5 C3.4 128777 31/12/2020 1 Libro
    Library of Congress Classification     Colección General Bib. Gregorio Torres Quintero Bib. Gregorio Torres Quintero Planta baja v.2   F1232 H5 C3.4 128778 31/12/2020 1 Libro